| 000 | 00368nam a22001457a 4500 | ||
|---|---|---|---|
| 003 | SGT | ||
| 020 | _a9789386827227 | ||
| 082 |
_a610.734 _bC20M |
||
| 100 | _aMANIVANNIN, SHYAMALA | ||
| 245 | _aTB. OF COMMUNITY HEALTH NURSING FOR B. SC NURSING -2 | ||
| 260 |
_aINDIA _bCBS PUB _c2020 |
||
| 300 | _a294 | ||
| 650 | _aCOMMUNITY HEALTH NURSING | ||
| 942 |
_2ddc _cBK _0281 |
||
| 999 |
_c21934 _d21934 |
||